Σταυρός στο χέρι : τραγωδία σε 4 πράξεις

Αποθηκεύτηκε σε:
Λεπτομέρειες βιβλιογραφικής εγγραφής
Κύριος συγγραφέας: Βαρέλης, Φώτης
Μορφή: Βιβλίο
Γλώσσα:Greek
Δημοσίευση: Ρόδος : [χ.ό.], 1961.
Θέματα:
Ετικέτες: Προσθήκη ετικέτας
Δεν υπάρχουν, Καταχωρήστε ετικέτα πρώτοι!

MARC

LEADER 00000cam a2200000 i 4500
001 1/23447
008 960228s1961 gr | ||| |||| ||gre||
035 |a 1988  |b 3  |c Δωρεά  |l 10036848 
040 |a GR-MY-UA  |b gre  |e aacr 
041 0 |a gre 
082 7 |a 889.2051234   |2 (22) 
100 1 |a Βαρέλης, Φώτης. 
245 1 0 |a Σταυρός στο χέρι :   |b τραγωδία σε 4 πράξεις /   |c Φώτης Βαρέλης.  
260 |a Ρόδος :   |b [χ.ό.],   |c 1961.  
300 |a 133 σ. ;   |c 24 εκ.  
500 |a Το αντίτυπο με αριθμό εισαγωγής 122142 είναι δεμένο με: Οι δυνατοί. - Ομορφιά και οδύνη / Μαρίνου Καράση. - Στο Αιγαίο κάποτε... / Γεωργίου Μαρτίνη. - Τα τέσσαρα χρώματα / Αυγουστίνου Ν. Καντιώτου. - Ελευθέρα και ζώσα εκκλησία / Αυγουστίνου Ν. Καντιώτου.  
650 0 0 |a Greek drama, Modern. 
650 0 0 |a Greek drama (Tragedy) 
852 |a INST  |b RHODES  |e 19960228  |h 889.2051234 ΒΑΡ  |p 005400002876  |q 005400002876  |t BK  |y 0 
852 |a INST  |b RHODES  |c KRI  |e 20051012  |h  808.80382 ΜΠΑ  |p 005400030504  |q 005400030504  |t BK  |y 0 
901 |a BIBL4-2005-3 
909 |a Ρ  |b 004437 
909 |a Ρ  |b 122142 
970 |a ΚΟΖΑ  |b ΜΑΡΙΑ  |z 2005/10/12